000
00283nam a2200133Ia 4500
100
_a
Papoulis/ Athanasios
942
_c
BK
654
_a
Signal analysis
245
_a
Signal analysis
260
_b
McGraw Hill
_a
Singapore
_c
1986
300
_a
431
546
_a
ENGLISH
999
_c
29267
_d
29267